000
00241 a2200097 4500
000
nam a22 7a 4500
020
_a
9780990772514
100
_a
Locktov, JoAnn
245
_a
Dream of Venice architecture
260
_b
Bella Figura Publications,
999
_c
85452
_d
85452